000 00261nam a2200097Ia 4500
008 200302s9999 xx 000 0 und d
100 _aKen Sidey
245 _aInterior Walls Framing, Drywalling Trimming
260 _bAn imprint of Meredith Books
300 _a120 P.,
999 _c1757
_d1757